000
00249nam a2200097Ia 4500
008
231107s2000 xx 000 0 und d
041
_a
eng
100
_a
Mandy Southan
245
_a
Painting Flower on Silk
260
_a
Great Britan
_b
Search Press
_c
2000
999
_c
925533
_d
925533